| 000 | 00525nam a2200205Ia 4500 | ||
|---|---|---|---|
| 003 | BUBTL | ||
| 008 | 151213s9999 xx 000 0 und d | ||
| 020 | _a9789350280669 | ||
| 082 | _a340MAJ | ||
| 100 |
_aMahajan, V.D. _92067 |
||
| 245 |
_aJurisprudence & Legal Theory / _cV.D.Mahajan |
||
| 250 | _a5th ed. | ||
| 260 |
_aDhaka _bEastern Book House _cc1987 |
||
| 300 |
_axxi, 641 p. : _c21 cm. |
||
| 650 | _aLaw | ||
| 650 | _aLaw | ||
| 856 |
_k0 _l0 _yDownload |
||
| 942 |
_2ddc _cBK |
||
| 999 |
_c4038 _d4038 |
||